The cambridge handbook of social theory (Record no. 1714961)
[ view plain ]
| 000 -LEADER | |
|---|---|
| fixed length control field | 01159nam a2200181 4500 |
| 005 - DATE AND TIME OF LATEST TRANSACTION | |
| control field | 20260309123421.0 |
| 008 - FIXED-LENGTH DATA ELEMENTS--GENERAL INFORMATION | |
| fixed length control field | 260309b |||||||| |||| 00| 0 eng d |
| 020 ## - INTERNATIONAL STANDARD BOOK NUMBER | |
| International Standard Book Number | 9781107162648 |
| 037 ## - SOURCE OF ACQUISITION | |
| Terms of availability | Textual |
| 040 ## - CATALOGING SOURCE | |
| Original cataloging agency | RTL |
| Transcribing agency | RTL |
| 084 ## - COLON CLASSIFICATION NUMBER | |
| Assigning agency | RTL |
| 245 ## - TITLE STATEMENT | |
| Title | The cambridge handbook of social theory |
| 260 ## - PUBLICATION, DISTRIBUTION, ETC. | |
| Place of publication, distribution, etc. | New York |
| Name of publisher, distributor, etc. | Cambridge University Press |
| Date of publication, distribution, etc. | 2021 |
| 300 ## - PHYSICAL DESCRIPTION | |
| Extent | xxiv, 440 p. |
| Other physical details | Includes bibliographical reference and index |
| 520 ## - SUMMARY, ETC. | |
| Summary, etc. | This ambitious two-volume handbook of social theory consists of forty original contributions. The researchers take stock of the state of social theory and its relationship to the canon, exploring such topics as the nature, purpose, and meaning of social theory; the significance of the classics; the impact of specific individual and theory schools; and more. Both volumes reflect a mixture of what intellectual historian Morton White distinguished as the 'annalist of ideas' and the 'analyst of ideas,' locating theoretical thought within the larger socio-historical context that shaped it - within the terrain of the sociology of knowledge. |
| 700 ## - ADDED ENTRY--PERSONAL NAME | |
| Personal name | Kivisto, Peter |
| Relator term | Editor |
| 942 ## - ADDED ENTRY ELEMENTS (KOHA) | |
| Source of classification or shelving scheme | Colon Classification (CC) |
| Suppress in OPAC | No |
| Koha item type | Textual |
| Withdrawn status | Lost status | Source of classification or shelving scheme | Damaged status | Not for loan | Home library | Current library | Date acquired | Total Checkouts | Barcode | Date last seen | Price effective from | Koha item type |
|---|---|---|---|---|---|---|---|---|---|---|---|---|
| Colon Classification (CC) | Ratan Tata Library | Ratan Tata Library | 2026-03-09 | RT1528762 | 2026-03-09 | 2026-03-09 | Textual |
